Indai distorted : (Record no. 136314)

MARC details
000 -LEADER
fixed length control field 00733nam a22002417a 4500
005 - DATE AND TIME OF LATEST TRANSACTION
control field 20170124110257.0
010 ## - LIBRARY OF CONGRESS CONTROL NUMBER
LC control number A-704198
020 ## - INTERNATIONAL STANDARD BOOK NUMBER
International Standard Book Number 8185880646
Terms of availability 00.00
035 ## - SYSTEM CONTROL NUMBER
System control number A-704198
037 ## - SOURCE OF ACQUISITION
Source of stock number/acquisition Cen Lib/Ret
040 ## - CATALOGING SOURCE
Original cataloging agency DPL
Language of cataloging EN
082 ## - DEWEY DECIMAL CLASSIFICATION NUMBER
Classification number 954
Item number MIT
100 ## - MAIN ENTRY--PERSONAL NAME
Personal name Mittal, S.C.
9 (RLIN) 142010
245 ## - TITLE STATEMENT
Title Indai distorted :
Statement of responsibility, etc by S.C. Mittal
Remainder of title a study of british histrians on india /
246 ## - VARYING FORM OF TITLE
Remainder of title
260 ## - PUBLICATION, DISTRIBUTION, ETC. (IMPRINT)
Name of publisher, distributor, etc M D Pulbications Pvt Ltd
Date of publication, distribution, etc 1995
Place of publication, distribution, etc New Delhi
270 ## - ADDRESS
Address M D House 11 Darya Ganj
City New Delhi
Postal code 110002
300 ## - PHYSICAL DESCRIPTION
Extent v 1. 153p.
Dimensions 21cm(Hb)
500 ## - GENERAL NOTE
General note includes bibliography
650 ## - SUBJECT ADDED ENTRY--TOPICAL TERM
Topical term or geographic name as entry element History
Geographic subdivision Ancient India
9 (RLIN) 46983
650 ## - SUBJECT ADDED ENTRY--TOPICAL TERM
Topical term or geographic name as entry element Cultural Heritages
9 (RLIN) 142011
942 ## - ADDED ENTRY ELEMENTS (KOHA)
Source of classification or shelving scheme Dewey Decimal Classification
Koha item type English Books
Classification part 954
Call number suffix MIT
Holdings
Withdrawn status Lost status Materials specified (bound volume or other part) Damaged status Not for loan Home library Current library Date acquired Source of acquisition Cost, normal purchase price Total Checkouts Full call number Barcode Date last seen Cost, replacement price Price effective from Koha item type Source of classification or shelving scheme Coded location qualifier Copy number Public note
    v.1     Central Library Central Library 21/03/2016 Cen Lib/Ret 0.00   954 MIT A-704198 21/03/2016 0.00 15/09/2016 English Books        
Written off         Central Library Central Library 01/11/2016       954 MIT A-792703 01/11/2016 0.00 01/11/2016 English Books Dewey Decimal Classification 0.00 2 Written off on approval by DLB (By Circulation); dtd 15-06-2023
          Central Library Central Library 01/11/2016   0.00   954 MIT 704198 01/11/2016   01/11/2016 English Books Dewey Decimal Classification      

© Delhi Public Library
Hit Counter
free hit counter